00451nam a22001577a 450000500170000000800410001702000150005804100120007308200150008510000120010024500530011225000190016526000590018430000250024365000250026820241120102332.0241120b |||||||| |||| 00| 0 eng d a9982110012 aEnglish a968.8 NAM  lEnglish aNamibia: A Direct United Nations Responsibility  aFirst Edition  aLusaka: bUnited Nations Institute for Namibia, c1987 b408 pages; c25 cm.  aLegal practice bLaw